Teachers' Work in a Globalizing Economy.

Bibliographic Details
Main Author: Dow, Alistair.
Other Authors: Hattam, Robert., Reid, Alan., Shacklock, Geoffrey., Smyth, John.
Format: eBook
Language:English
Published: Milton : Taylor & Francis Group, 1999.
Edition:1st ed.
Subjects:
Online Access:Click to View
LEADER 01524nam a22003973i 4500
001 EBC7245238
003 MiAaPQ
005 20231204023229.0
006 m o d |
007 cr cnu||||||||
008 231204s1999 xx o ||||0 eng d
020 |a 9781135700300  |q (electronic bk.) 
020 |z 9780750709613 
035 |a (MiAaPQ)EBC7245238 
035 |a (Au-PeEL)EBL7245238 
035 |a (OCoLC)824530444 
040 |a MiAaPQ  |b eng  |e rda  |e pn  |c MiAaPQ  |d MiAaPQ 
100 1 |a Dow, Alistair. 
245 1 0 |a Teachers' Work in a Globalizing Economy. 
250 |a 1st ed. 
264 1 |a Milton :  |b Taylor & Francis Group,  |c 1999. 
264 4 |c Ã1999. 
300 |a 1 online resource (224 pages) 
336 |a text  |b txt  |2 rdacontent 
337 |a computer  |b c  |2 rdamedia 
338 |a online resource  |b cr  |2 rdacarrier 
588 |a Description based on publisher supplied metadata and other sources. 
590 |a Electronic reproduction. Ann Arbor, Michigan : ProQuest Ebook Central, 2023. Available via World Wide Web. Access may be limited to ProQuest Ebook Central affiliated libraries.  
655 4 |a Electronic books. 
700 1 |a Hattam, Robert. 
700 1 |a Reid, Alan. 
700 1 |a Shacklock, Geoffrey. 
700 1 |a Smyth, John. 
776 0 8 |i Print version:  |a Dow, Alistair  |t Teachers' Work in a Globalizing Economy  |d Milton : Taylor & Francis Group,c1999  |z 9780750709613 
797 2 |a ProQuest (Firm) 
856 4 0 |u https://ebookcentral.proquest.com/lib/matrademy/detail.action?docID=7245238  |z Click to View